Normal view
MARC view
- INTRODUCTION TO OPTIMIZATION
Entry Topical Term
001 - CONTROL NUMBER
- control field: 56444
003 - CONTROL NUMBER IDENTIFIER
- control field: NUST
005 - DATE AND TIME OF LATEST TRANSACTION
- control field: 20210628201716.0
008 - FIXED-LENGTH DATA ELEMENTS
- fixed length control field: 210628|| aca||aabn | a|a d
040 ## - CATALOGING SOURCE
- Original cataloging agency: NUST
- Transcribing agency: NUST
150 ## - HEADING--TOPICAL TERM
- Topical term or geographic name entry element: INTRODUCTION TO OPTIMIZATION
670 ## - SOURCE DATA FOUND
- Source citation: Work cat.: (NUST): Chong, Edwin. K.P ,Zak, Stanislaw.H 56443, An introduction to optimization, 2004
